000 00751nam a2200289Ia 4500
001 33211
003 IT-RoPAU
008 130308s9999 xx 000 0 und d
040 _aIT-RoPAU
040 _cIT-RoPAU
041 _aITALIANO
100 _aCampelli Enzo
100 _gCodice Aut. SPICS: 14620
245 _aCampione (Il)
245 _bInformazione Religiosa nella Stampa Italiana (L')
250 _a1a ed.
260 _aMILANO
260 _bAngeli Franco
260 _c1986 [1° Ed.:1986 - Ed.Ling.Originale:1986]
300 _a"4 p. (prefazione: no ; testo: 4 [pagine: 80-83])"
650 _aSAGGI DI STAMPA DI MASSA
650 _eCodice materia Spics: 6661
942 _cBK
957 _71
999 _c50015
_d50015
999 _bSI
999 _g1